| 000 | 01020cam a2200277 a 4500 | ||
|---|---|---|---|
| 001 | 455 | ||
| 005 | 20240627085800.0 | ||
| 020 | _a9781442421233 (hardcover) | ||
| 040 |
_aDLC _cDLC _dDLC _dDLC _dFISKH _beng |
||
| 050 | 0 | 0 | _aPZ7.D6219 |
| 082 | 0 | 0 |
_a813.6 _222 |
| 100 | 1 | _aDiPucchio, Kelly. | |
| 245 | 1 | 0 |
_aCrafty Chloe / _cby Kelly DiPucchio ; illustrations by Heather Ross. |
| 260 |
_aNew York : _bAtheneum Books for Young Readers, _c2012. |
||
| 300 |
_a18 leaves of plates : _bcolor illustrations ; _c30 cm. |
||
| 505 | _aM | ||
| 520 | _aChloe is very good at sewing and crafts and when her best friend's birthday approaches, she not only creates a fabulous gift, she also saves the day for a classmate who had been unkind to her. | ||
| 521 | 1 |
_a570
_bLexile |
|
| 521 | 1 |
_aM
_bRaz-Plus |
|
| 650 | 1 |
_aHandicraft _vFiction. |
|
| 650 | 1 |
_aBirthdays _vFiction. |
|
| 650 | 1 |
_aGifts _vFiction. |
|
| 700 | 1 |
_aRoss, Heather, _eillustrator |
|
| 906 |
_a7 _bcbc _corignew _d1 _eecip _f20 _gy-gencatlg |
||
| 942 |
_2ddc _cBK _n0 |
||
| 999 |
_c455 _d455 |
||